| 000 | 00835nam a2200217 i 4500 | ||
|---|---|---|---|
| 001 | 12962 | ||
| 003 | ES-MaACL | ||
| 005 | 20230906150442.0 | ||
| 007 | t| | ||
| 008 | 960902s1995 sp |||| | spa j | ||
| 020 | _a84-921168-0-3 | ||
| 080 | _a34(460)(091)(04) | ||
| 100 | 1 |
_aPeláez, Manuel J. _9130966 |
|
| 245 | 1 | 0 |
_aInfrahistorias e intrahistorias del derecho español del siglo XX _b: un paisaje jurídico con treinta figuras / _cManuel J. Pelèz. |
| 250 | _a2ª ed. rev. y aum. | ||
| 260 |
_a[Málaga] : _bCátedra de Historia del Derecho y de las Instituciones, Universidad de Málaga, _c1995. |
||
| 300 |
_a350 p. ; _c24 cm. |
||
| 650 | 4 |
_aDerecho- _zEspaña- _vHistoriografía. _911615 |
|
| 710 | 2 |
_aUniversidad de Málaga. _bCátedra de Historia del Derecho y de las Instituciones. _9162592 |
|
| 852 |
_aES-MaACL _jL-20267 |
||
| 999 |
_c12962 _d12962 |
||